000 01475nam a2200469 i 4500
001 43285
003 KOSZ 005
005 20200820134616.0
008 990511s1999 pl a f |000 0 pol
015 _aUWD 1999/7219
020 _a8387897078
035 _a991010047669705066
035 _a(PL-WaBN)b12740834-48omnis_nlop
035 _ab12740834
035 _a(OCoLC)830208454
035 _a(PL)b0000001274083
035 _a(EXLNZ-48OMNIS_NETWORK)9910472604805606
040 _aWA N
_cWA N
_dKOSZ 005/HR
041 0 _apol
_beng
046 _k1999
080 _a159.923
080 _a519.7
100 1 _aMazur, Marian
_d(1909-1983)
_eAutor
245 1 0 _aCybernetyka i charakter /
_cMarian Mazur.
260 _aWarszawa :
_bWyższa Szkoła Zarządzania i Przedsiębiorczości im. Bogdana Jańskiego,
_c1999.
300 _a388 s. :
_bwykr. ;
_c24 cm.
336 _aTekst
_btxt
_2rdacontent
337 _aBez urządzenia pośredniczącego
_bn
_2rdamedia
338 _aWolumin
_bnc
_2rdacarrier
380 _aKsiążki
388 _a1901-2000
388 _a1989-2000
504 _aBibliogr. publ. M. Mazura s. 375-380.
546 _aStreszcz. ang.
650 7 _aCharakter
_2DBN
650 7 _aCybernetyka matematyczna
_2DBN
658 _aPsychologia
658 _aMatematyka
856 _uhttp://koha.tu.koszalin.pl/cgi-bin/koha/opac-detail.pl?biblionumber=43285
_yKatalog online BPK
942 _2UKD
_cKS
999 _c43285
_d43285